Statistics for Popular Movies by Poster XII

Click here to take the quiz!

General Stats

  • This quiz has been taken 356 times
  • The average score is 9 of 16

Answer Stats

Answer% Correct
Ice Age
95%
Venom
89%
Elf
88%
Despicable Me
84%
The Hangover
82%
The Hobbit: An Unexpected Journey
80%
Grown Ups
66%
The Parent Trap
66%
The Emperor's New Groove
63%
21 Jump Street
61%
The Waterboy
48%
Talladega Nights: The Ballad of Ricky Bobby
33%
The Lightning Thief
28%
Miracle
21%
Mortal Engines
18%
Land of the Lost
17%

Score Distribution

Percentile by Number Answered

Percent of People with Each Score

Your Score History

You have not taken this quiz